000 00250nam a2200109Ia 4500
008 190216s9999||||xx |||||||||||||| ||und||
100 _aSkaria P P
245 0 _aPre-Degree Economics
260 _bTouring Book Stall
650 _aEconomics
942 _cBK
999 _c9300
_d9300